000 00577nam a2200181Ia 4500
008 170510s9999 xx 000 0 und d
100 _aHays, Nicholas A
245 _aTo give or not to give? Interactive effects of status and legitimacy on generosity.
245 _cHays, Nicholas A.; Blader, Steven L.
260 _bAmerican Psychological Association
260 _c2017
300 _apages 17-38, January
440 _aJournal of Personality and Social Psychology
_v112:1
650 _aEquity
650 _aGenerosity
650 _aHierarchy
650 _aLegitimacy
999 _c329864
_d329864